MARC

LEADER 00000nam0a2200000 4500
001 332658
005 20231102004458.0
035 |a (RuTPU)RU\TPU\book\358611 
035 |a RU\TPU\book\358610 
090 |a 332658 
100 |a 20170526d1978 k y0rusy50 ca 
101 0 |a rus 
102 |a RU 
105 |a a z 001zy 
200 1 |a Горнорудное производство. Совершенствование транспорта рудных карьеров  |e [сборник]  |f Институт горного дела (ИГД) 
210 |a Свердловск  |c Изд-во ИГД  |d 1978 
215 |a 93 с.  |c ил. 
225 1 |a Труды Института горного дела  |v Вып. 56 
320 |a Библиография в конце статей 
606 1 |a Рудничный (шахтный) транспорт  |x Технико-экономические показатели  |2 stltpush  |3 (RuTPU)RU\TPU\subj\25913  |9 49953 
610 1 |a горнодобывающие предприятия 
610 1 |a реконструкция 
610 1 |a карьерный транспорт 
610 1 |a карьеры 
610 1 |a глубина 
610 1 |a путевые системы 
610 1 |a горная масса 
610 1 |a транспортирование 
610 1 |a глубокие карьеры 
610 1 |a карьерный автомобильный транспорт 
610 1 |a автосамосвалы 
610 1 |a срок службы 
610 1 |a конвейерные подъемники 
610 1 |a конвейерные ленты 
610 1 |a загрузка 
610 1 |a неравномерность 
675 |a 622.6  |v 4 
712 0 2 |a Институт горного дела (ИГД)  |c (Свердловск)  |c (1962-1994)  |2 stltpush  |3 (RuTPU)RU\TPU\col\21688 
801 1 |a RU  |b 63413507  |c 20141020 
801 2 |a RU  |b 63413507  |c 20170607  |g RCR 
942 |c BK